Introducción a la contabilidad y al análisis financiero en el sector turístico /

Contenido: Introducción. PARTE I: Introducción a la elaboración de la información contable y cuentas anuales. 1. Introducción a la contabilidad. 2. La información contable financiera suministrada por las empresas. 3. Análisis conceptual de los componentes del balance de situación. 4. Análisis concep...

Whakaahuatanga katoa

I tiakina i:
Ngā taipitopito rārangi puna kōrero
Kaituhi matua: Sierra Molina, Guillermo J. (autor)
Ētahi atu kaituhi: López Herrera, Diego (autor) (autor), Serrano Domínguez, Francisco (autor) (autor)
Hōputu: Pukapuka
Reo:Pāniora
I whakaputaina: Madrid, España : Pirámide, 2003, c2003
Rangatū:(Economía y Empresa Pirámide)
Ngā marau:
Ngā Tūtohu: Tāpirihia he Tūtohu
Kāore He Tūtohu, Me noho koe te mea tuatahi ki te tūtohu i tēnei pūkete!

MARC

LEADER 00000nam^a2200000^a^4500
001 000183489
005 20250521000000.0
009 20260310102041.478
020 |a 84-368-1782-6 
037 |a Acervo ITESO - Biblioteca 
041 |a ESP 
082 |a 657. 48  |b SIE 
100 |a Sierra Molina, Guillermo J.  |e (autor) 
245 1 0 |a Introducción a la contabilidad y al análisis financiero en el sector turístico /  |c G.J. Sierra Molina, D. López Herrera, F. Serrano Domínguez. 
264 4 |a Madrid, España :  |b Pirámide,  |c 2003, c2003 
300 |a 239 p. 
336 |a texto  |b txt  |2 rdacontenido 
337 |a sin mediación  |b n  |2 rdamedio 
338 |a volumen  |b nc  |2 rdasoporte 
440 1 |a (Economía y Empresa Pirámide) 
520 |a Contenido: Introducción. PARTE I: Introducción a la elaboración de la información contable y cuentas anuales. 1. Introducción a la contabilidad. 2. La información contable financiera suministrada por las empresas. 3. Análisis conceptual de los componentes del balance de situación. 4. Análisis conceptual de los componentes de la cuenta de pérdidas y ganancias. 5. La memoria y otros informes. PARTE II: Introducción al análisis de la información contable financiera. 6. El análisis de la información contable financiera: objetivos y métodos. 7. Análisis de la situación financiera a corto plazo. 8. Análisis de la situación financiera a largo plazo. 9. El análisis de los resultados. Apéndices. 
649 |a XX 
650 |a Balance General 
650 |a Estados Financieros 
650 |a Contabilidad Financiera 
650 |a Información Financiera -  |x Análisis 
650 |a Finanzas -  |x Análisis 
650 |a Administración Financiera 
650 |a Ciencias Administrativas 
700 |a López Herrera, Diego  |e (autor) 
700 |a Serrano Domínguez, Francisco  |e (autor) 
910 |a Fondo General 
920 |a Impresos - Libros 
930 |a Colección General 
905 |a 101 
901 |a 0500124089  |b IT1  |c ACC  |u 20250521 
902 |a https://opac.biblio.iteso.mx/vufind/Record/000183489